000 00666nam a22002177a 4500
003 UA-OsUOA
001 67860
007 ta
008 20100317b un ||||| |||| 00| 0 ukr d
100 _aСулима Л.
090 _a949477)
_bС89
942 _cSA
040 _aUA-OsUOA
_bukr
_cUA-OsUOA
_dUA-OsUOA
245 _aІван Сулима, охоронець військового стягу. Полтавська катастрофа та початок занепаду козацтва
300 _aС.11
955 _a0
041 _aukr
080 _a949477)
773 0 _w67859
650 7 _a9 Географія. Біографії. Історія
_2UDC
999 _c353985
_d353985